<?xml version="1.0" encoding="UTF-8"?>
<record
    xmlns:xsi="http://www.w3.org/2001/XMLSchema-instance"
    xsi:schemaLocation="http://www.loc.gov/MARC21/slim http://www.loc.gov/standards/marcxml/schema/MARC21slim.xsd"
    xmlns="http://www.loc.gov/MARC21/slim">

  <leader>00656nam a22001937a 4500</leader>
  <controlfield tag="003">OSt</controlfield>
  <controlfield tag="005">20260504040103.0</controlfield>
  <controlfield tag="008">260504b        |||||||| |||| 00| 0 eng d</controlfield>
  <datafield tag="020" ind1=" " ind2=" ">
    <subfield code="a">0118-6558.</subfield>
  </datafield>
  <datafield tag="040" ind1=" " ind2=" ">
    <subfield code="a">OC</subfield>
    <subfield code="c">DWC-Main Lib</subfield>
  </datafield>
  <datafield tag="082" ind1=" " ind2=" ">
    <subfield code="a">FIl. 323 In7n 1999</subfield>
  </datafield>
  <datafield tag="245" ind1=" " ind2=" ">
    <subfield code="a">1999 Philippine peace and human rights review</subfield>
  </datafield>
  <datafield tag="260" ind1=" " ind2=" ">
    <subfield code="a">Quezon City: </subfield>
    <subfield code="b">Institute of Human Rights, University of the Philippines Law Center;</subfield>
    <subfield code="c">c1999.</subfield>
  </datafield>
  <datafield tag="300" ind1=" " ind2=" ">
    <subfield code="a">iv, 329 pages ; </subfield>
    <subfield code="c">26 cm.</subfield>
  </datafield>
  <datafield tag="650" ind1=" " ind2=" ">
    <subfield code="a">1. Human Rights.</subfield>
  </datafield>
  <datafield tag="650" ind1=" " ind2=" ">
    <subfield code="a">2. Peace.</subfield>
  </datafield>
  <datafield tag="700" ind1=" " ind2=" ">
    <subfield code="a">Muyot, Alberto T.</subfield>
    <subfield code="e">editor</subfield>
  </datafield>
  <datafield tag="942" ind1=" " ind2=" ">
    <subfield code="2">ddc</subfield>
    <subfield code="c">BK - FIL</subfield>
    <subfield code="h">FIl. 323 In7n 1999</subfield>
    <subfield code="k">Fil.</subfield>
    <subfield code="n">0</subfield>
  </datafield>
  <datafield tag="952" ind1=" " ind2=" ">
    <subfield code="0">0</subfield>
    <subfield code="1">0</subfield>
    <subfield code="2">ddc</subfield>
    <subfield code="4">0</subfield>
    <subfield code="7">0</subfield>
    <subfield code="a">DWCLCOL</subfield>
    <subfield code="b">DWCLCOL</subfield>
    <subfield code="c">Fil</subfield>
    <subfield code="d">2026-05-04</subfield>
    <subfield code="e">School Fund </subfield>
    <subfield code="l">0</subfield>
    <subfield code="o">FIl. 323 In7n 1999</subfield>
    <subfield code="p">CL34944</subfield>
    <subfield code="r">2026-05-04</subfield>
    <subfield code="t">c1</subfield>
    <subfield code="w">2026-05-04</subfield>
    <subfield code="y">BK - FIL</subfield>
    <subfield code="0"></subfield>
    <subfield code="@"></subfield>
    <subfield code="u"></subfield>
  </datafield>
  <datafield tag="999" ind1=" " ind2=" ">
    <subfield code="c">10195</subfield>
    <subfield code="d">10195</subfield>
  </datafield>
</record>
